000 01608cam a22004214a 4500
001 12909019
003 OSt
005 20251028123734.0
008 020828s2002 nyua 001 0 eng d
010 _a 2002510995
020 _a0071377948
020 _a9780071377942
035 _a12909019
035 _a(OCoLC)50181346
040 _aORX
_cmust
_dOMP
_dDLC
042 _alccopycat
050 0 0 _aQA76.758
_bG88 2002
082 0 0 _a620.3 GUS 2002
_222
100 1 _aGustafson, David A.
_919471
245 1 0 _aSchaum's Outline of Theory and Problems of Software Engineering
246 3 0 _aSoftware engineering
260 _aNew York;
_bMcGraw-Hill,
_cc2002.
300 _aix, 223 p. :
_bill. ;
_c28 cm.
336 _atext
_btxt
_2rdacontent
337 _aunmediated
_bn
_2rdamedia
338 _avolume
_bnc
_2rdacarrier
490 0 _aSchaum's outline series
500 _a"This book is intended to be used in conjunction with a textbook or lecture notes on software engineering"-- preface.
500 _aIncludes index.
650 0 _aSoftware engineering.
_9565
650 0 _aSoftware engineering
_vProblems, exercises, etc.
_919472
856 4 2 _3Publisher description
_uhttp://www.loc.gov/catdir/description/mh031/2002510995.html
856 4 2 _3Contributor biographical information
_uhttp://www.loc.gov/catdir/enhancements/fy1011/2002510995-b.html
906 _a7
_bcbc
_ccopycat
_d2
_encip
_f20
_gy-gencatlg
942 _2z
_cO_SHELF
999 _c9570
_d9570